000 00821nam a2200193 i 4500
001 182102
003 ES-MaACL
005 20230906221529.0
008 130605s1980 sp |||| | spa d
080 _a377.4(464.1 M.) Jardineros Horticultores:635
080 _a635:377.4(464.1 M.) Jardineros Horticultores
100 1 _aNegrín Fajardo, Olegario.
_985310
245 1 3 _aLa enseñanza agraria en el siglo XIX
_b: La Escuela Normal de Jardineros Horticultores de Madrid (1847-1860) /
_cOlegario Negrín Fajardo.
260 _a[Madrid?] :
_bSociedad Española de Pedagogía,
_c[1980?]
300 _ap. 139-150 ;
_c24 cm.
500 _aSeparata de: Revista Española de Pedagogía, Enero-Marzo 1979 ; nº 143.
610 2 4 _aEscuela Normal de Jardineros Horticultores (Madrid)
_9152845
852 _aES-MaACL
_j2141-F-28
999 _c182102
_d182102